A synoptic-scale evaluation of cyclogenesis using satellite radiation data /

Bibliographic Details
Main Author: Mills, Jerry Ray
Format: Thesis eBook
Language:English
Published: [College Station, Tex.] : Mills, 1976.
Subjects:
Online Access:Link to OAKTrust copy

MARC

Tag First Indicator Second Indicator Subfields
LEADER 00000cam a2200000 i 4500
001 in00000511481
005 20220103114651.0
007 cr unu a
008 761015s1976 txua b 00010 eng d
035 |9 ACD2193AM 
035 |a (OCoLC)02506163 
040 |a TXA  |c TXA  |d UtOrBLW 
049 |a TXAZ [Also in] [Sp Coll]  |c 1 [440343], 2 [440344] 
099 |a 1976  |a Thesis  |a M657 
100 1 |a Mills, Jerry Ray. 
245 1 2 |a A synoptic-scale evaluation of cyclogenesis using satellite radiation data /  |c by Jerry Ray Mills. 
264 1 |a [College Station, Tex.] :  |b Mills,  |c 1976. 
300 |a  viii, 71 leaves :  |b illustrations ;  |c 28 cm. 
336 |a text  |b txt  |2 rdacontent 
337 |a computer  |b c  |2 rdamedia 
338 |a online resource  |b cr  |2 rdacarrier 
500 |a "Major subject: Meteorology." 
500 |a Vita. 
502 |b M.S.  |c Texas A&M University. 
504 |a Bibliography: leaves 68-70. 
530 |a Also available online. 
650 0 |a Cyclone forecasting. 
650 0 |a Meteorological satellites. 
650 0 |a Synoptic meteorology. 
650 4 |a Major meteorology. 
856 4 1 |u https://hdl.handle.net/1969.1/ETD-TAMU-1976-THESIS-M657  |z Link to OAKTrust copy  |t 0 
999 |a MARS 
999 f f |s 979898fb-6105-348e-9f4c-381a169460e6  |i 8c208978-6cfc-3692-bffe-a3882db16654  |t 0 
952 f f |p noncirc  |a Texas A&M University  |b J.J. Pickle Campus  |c High Density Repository  |s HDR  |d Remote Storage  |t 0  |e 1976 Thesis M657  |h Other scheme  |i computer -- online resource  |m A14840970268 
952 f f |a Texas A&M University  |b College Station  |c Electronic Resources  |s www_evans  |d Available Online  |t 0  |e 1976 Thesis M657  |h Other scheme 
998 f f |a 1976 Thesis M657  |t 0  |l Remote Storage 
998 f f |a 1976 Thesis M657  |t 0  |l Available Online